Four Letter Geography - N - Statistics

General Stats
  • This quiz has been taken 119 times
    46 since last reset
  • The average score is 6 of 10
Answer Stats
Hint Answer % Correct
Capital of Tennessee: ____ville Nash
100%
Longest river in the world Nile
98%
Unit of sea measure: ____ical mile Naut
91%
Lake in Scotland with a monster Ness
91%
Capital of Greenland Territory Nuuk
78%
City in Croatia same as exploded star Nova
62%
"Country" that is related to New Zealand Niue
53%
River near St. Petersburg Neva
36%
River in the United Kingdom Nene
11%
River in the country of Vietnam Nung
7%
No matching quizzes found
Score Distribution
Percent of People with Each Score
Percentile by Number Answered
Your Score History
You have not taken this quiz since the last reset